000 00263nam a2200109Ia 4500
008 220120s9999||||xx |||||||||||||| ||und||
020 _a0-15-205016-7
082 _a005.1 BAN
100 _aBanerjee, Avik
245 0 _aSprite of C and data structures
300 _b0
999 _c136402
_d136402